Normal view
MARC view
Entry Topical Term
001 - CONTROL NUMBER
- control field: 15893
003 - CONTROL NUMBER IDENTIFIER
- control field: OSt
005 - DATE AND TIME OF LATEST TRANSACTION
- control field: 20220307111817.0
008 - FIXED-LENGTH DATA ELEMENTS
- fixed length control field: 220307|| aca||aabn | a|a d
040 ## - CATALOGING SOURCE
- Original cataloging agency: OSt
- Transcribing agency: OSt
150 ## - HEADING--TOPICAL TERM
- Topical term or geographic name entry element: Africa- church history- 20th century
670 ## - SOURCE DATA FOUND
- Source citation: Work cat.: (OSt): Kalu, Ogbu 15892, African pentecostalism, , C 2008
